000 00896nam a22002657a 4500
008 130821s1957 fr gr fre
040 _aCo-BoUCM
_bspa
041 0 0 _afre
092 _aFM 000296
100 _aBeau de Lomenie, E
_9168899
245 0 0 _aL'église et l'état
_bun probleme permandnt
_cE. Beau de Loménie
260 _aParís (Francia)
_bLibraire Arthéme Fayard
_c1957
300 _a143 páginas
490 _aJe Sais Je Crois; 88
500 _aIncluye bibliografía e índice. -- Este libro se encuentra en el depósito de la biblioteca)
650 0 4 _aCiencia política
_9340
650 0 4 _aHistoria
_97695
650 0 4 _aIglesia y estado
_zFrancia
_917141
650 0 4 _aIglesia
_917130
650 0 4 _aIglesia
_xHistoria
_zFrancia
_917130
650 0 4 _aNacionalismo y religión
_920067
650 0 4 _aTeocracia
_925229
651 _aFrancia
_926969
942 _cLIBRO
_a27
_e1
_n0
999 _c85100
_d85100